000 00842cab a2200253 4500
001 WB3135-12
008 090401t1995 xxu||||| |||| 00| 0 eng d
035 _a(Sirsi) u70366
041 _aeng
245 _aNew city guide dismays funds
260 _c1995
350 _a0
490 _aProperty Week
_v52(12) 21 September 1995, 9(1)
520 _aInstitutions are threatening to cut their investment in Manchester if the city`s "City development guide", the first of its kind in the UK, is not radically changed.
650 _aCITY DEVELOPMENT GUIDE
650 _aFUND MANAGERS
650 _aINSTITUTIONAL INVESTMENT
650 _aMANCHESTER
650 _aPERMEABILITY
650 _aSECURITY MEASURES
690 _aPROPERTY-COMMERCIAL PROPERTY-COMMERCIAL PROPERTY FINANCE AND INVESTMENT
942 _n0
948 _c04/03/1997
999 _c44247
_d44247